Responses for show #7348 - Wednesday, July 20, 2016

Pranjal Vachaspati game 2.

Contestants

[<< previous game]

Conor Lastowka, a comedy writer originally from Vienna, Virginia

Sophie Carrell, a graduate student from Raleigh, North Carolina

Pranjal Vachaspati, a Ph.D. student originally from Shaker Heights, Ohio (whose 1-day cash winnings total $25,910)

[next game >>]

Jeopardy! Round responses

MEN OF NOTE
BEVERAGE BRANDS
TV WHO SAID IT?
OUR GREAT COUNTRY
SAILING JOBS
DRAW YOUR "GUN"
    $200 29
Hirohito

Pranjal
    $200 24
Dr Pepper

Pranjal
    $200 7
Buffy

Conor
    $200 22
the Space Needle

Conor
    $200 30
deck hands

Pranjal
    $200 21
a smoking gun

Sophie
    $400 28
Ari Onassis

Sophie
    $400 18
Arnold Palmer

Sophie
    $400 8
Kelsey Grammer

Conor
    $400 3
the Grand Canyon

Pranjal
    $400 27
the first mate

Pranjal
    $400 20
gunk

Conor
    $600 13
Chuck Yeager

Sophie
    $1,000 4
(Alex: Yeah, almost an obvious one. Softball. Go again.)

Canada Dry

Pranjal
    $600 9
(John) Oliver

Pranjal
    $600 1
Independence Hall

Pranjal
    $600 10
yeoman service

Triple Stumper
    $600 2
the shoguns

Sophie
    $800 15
(Pranjal: What is New York?)
(Sophie: What is Massachusetts?)

Virginia

PranjalSophie
Triple Stumper
    $800 5
Monster

Pranjal
    $800 14
(Alex: [Laughing] Yes, that's a funny line.)

Swanson

Pranjal
    $800 6
Boston

Sophie
    $800 25
a master

Sophie
    $800 11
Burgundy

Pranjal
    $1000 16
Robert Taft

Pranjal
    $1000 17
(Conor: Who is Mott? [*]?)

Mott's

Conor
    $1000 19
(Sophie: Who is Mr. Schue?)

Sue Sylvester

Sophie
Triple Stumper
    $1000 23
Waikiki

Triple Stumper
    $1000 26
(Pranjal: What's an ensign?)

a petty officer

Pranjal
Triple Stumper
    $1000 12
(Pranjal: What is a "GUN-whale"?)
(Alex: Yeah, it's pronounced "GUN-ell".)
(Pranjal: "GUN-ell"?)
(Alex: Yes, it's spelled "GUN-whale", yes.)

a gunwale

Pranjal

Scores at the first commercial break (after clue 15):

Pranjal Sophie Conor
$5,200 $1,200 $600

Scores at the end of the Jeopardy! Round:

Pranjal Sophie Conor
$6,200 $2,000 $2,200

Double Jeopardy! Round responses

WOMEN OF NOTE
JEWISH HISTORY
TREES
THE ELECTORAL COLLEGE
FLIP HOMOPHONES
(Alex: Each correct response will be homophones that have the order of two letters flipped within them.)
THAT'S A REAL HORROR STORY
    $400 1
Tina Turner

Conor
    $400 26
(Pranjal: What is beech?)
(Conor: What is elm?)
...
(Alex: [*] is the tree, with less than a minute now.)

birch

PranjalSophieConor
    $400 25
(Pranjal: What are 1914 and 1918?)
(Sophie: What are 1910 and 1914?)
...
(Pranjal: Oh, God, I'm an idiot.)
(Alex: No, you're not an idiot, Pranjal, not at all. Pick again.)

1916 & 1920

PranjalSophie
Triple Stumper
    $400 6
Frankenstein

Pranjal
    $800 4
(Pranjal: Who is Stevie Nicks?)

Bonnie Raitt

PranjalConor
    $800 15
a kibbutz

Pranjal
    $4,800 27
(What is Sequoia?)

evergreen

Sophie
    $800 28
[The end-of-round signal sounds.]

the District of Columbia

Sophie
    $800 8
axle/axel

Conor
    $800 22
(Pranjal: Who is Buffalo Bill?)

Hannibal Lecter

PranjalSophie
    $1200 3
Talking Heads

Conor
    $1200 17
Spain

Sophie
    $1200 16
cork

Pranjal
    $3,000 11
December

Pranjal
    $1200 7
mantle/mantel

Sophie
    $1200 23
Anne Rice

Conor
    $1600 2
Rihanna

Conor
    $1600 18
Judah P. Benjamin

Triple Stumper
    $1600 14
Robusta

Pranjal
    $1600 12
John Adams

Sophie
    $1600 10
meet/mete

Pranjal
    $1600 9
The Amityville Horror

Pranjal
    $2000 5
(Alex: Gave her a lot of respect because her name was [*].)

Aretha Franklin

Triple Stumper
    $2000 20
(Pranjal: What is Orthodox?)

the Hasidic movement

Pranjal
Triple Stumper
    $2000 19
salicylic acid

Pranjal
    $2000 13
(Pranjal: Who is the Speaker of the House?)
(Sophie: Who is the leader of the Senate?)
(Alex: Give me more than that.)
(Sophie: The Senate leader?)

the vice president of the United States

PranjalSophie
Triple Stumper
    $2000 21
hide/hied

Pranjal
    $2000 24
Scream

Pranjal

Scores at the end of the Double Jeopardy! Round:

Pranjal Sophie Conor
$16,000 $800 $7,800
(lock game)

[wagering suggestions for these scores]

Final Jeopardy! Round responses

COMMUNICATION
(Alex: [To Sophie] She wrote down initially "What is the telephone?" and was looking to write "internet" and then came up with--is that "TV"?)
(Sophie: Back to the telephone.)
...
(Alex: [To Pranjal] "10-4, 10-4!" I understand.)
SophieWhat is the teepve telephone? inter
$799
ConorWhat is the Postal Service
$100
PranjalWhat is radio?
$321
CB radio

Final scores:

Pranjal Sophie Conor
$15,679 $1 $7,700
2-day champion: $41,589 3rd place: $1,000 2nd place: $2,000

Game dynamics:

Coryat scores:

Pranjal Sophie Conor
$13,800 $5,600 $7,800
23 R
(including 2 DDs),
8 W
13 R,
5 W
(including 1 DD)
11 R,
1 W

Combined Coryat: $27,200

The J! Archive is created by fans, for fans. The Jeopardy! game show and all elements thereof, including but not limited to copyright and trademark thereto, are the property of Jeopardy Productions, Inc. and are protected under law. This website is not affiliated with, sponsored by, or operated by Jeopardy Productions, Inc. Join the discussion at JBoard.tv.